Missing 'C' Acronyms Quiz Stats

 Plays Quiz Updated Oct 24, 2018

Score 0/35 Timer 04:00
5 Plays Today
% Correct
Chicken
94.6%
Chili
94.5%
Concerned
93.5%
Cheeks
93%
Car
92.5%
Care
92.5%
Correct
92.3%
Compact
90.9%
Contents
90.7%
See
87.8%
Centers
87.7%
Central
87.5%
Chief
87.5%
Control
87.3%
Counter
86.4%
Computer
83.6%
Ceremonies
83.4%
Creedence
82.2%
% Correct
Crystal
81.5%
California
80.6%
Charge
79%
Club
78.4%
Countries
77%
Communications
75.4%
Code
75.4%
Cannibals
71.5%
Company
69.5%
Chase
65%
Common
61.6%
Cost
59.3%
Career
57.6%
Computed
51.2%
Chat
42.8%
Chair
42.2%
Comma
39.6%

You're not logged in!

Compare scores with friends on all Sporcle quizzes.
OR
Log In

You Might Also Like...

Show Comments

Extras

Top Quizzes Today


Score Distribution

Your Account Isn't Verified!

In order to create a playlist on Sporcle, you need to verify the email address you used during registration. Go to your Sporcle Settings to finish the process.

Report this User

Report this user for behavior that violates our Community Guidelines.

Details: